Developing a business plan that works (Record no. 5158)

MARC details
000 -LEADER
fixed length control field 00610nam a22001457a 4500
020 ## - INTERNATIONAL STANDARD BOOK NUMBER
ISBN 817929143x
050 ## - CALL NUMBER
Classification number HD 62.7
Item number .B76
100 ## - AUTHOR
Personal name Brian B. Brown
245 ## - TITLE
Title Developing a business plan that works
Statement of responsibility, etc Brian B. Brown
260 ## - PUBLICATION INFORMATION
Place of publication New Delhi
Name of publisher Infinity Books
Year of publication 2006
300 ## - DESCRIPTION
Number of Pages vii,99p.
505 ## - FORMATTED CONTENTS NOTE
Table of Content 1. What is the plan and what does it contain<br/>2. Where are we now<br/>3. Where are we going<br/>4. What about our products<br/>5. Customers and competitors<br/>6. Promoting the business and selling the products<br/>7. People<br/>8. Finance<br/>9. Making it happen
650 ## - SUBJECTS
Topical Term Entrepreneurship
General subdivision Business plan
942 ## - ADDED ENTRY ELEMENTS (KOHA)
Koha item type Books
Holdings
Withdrawn status Lost status Collection code Home library Current library Shelving location Date acquired Full call number Accession Number Koha item type
    Reference Methodist University Library Main Methodist University Library Main General Stacks 12/01/2011 HD 62.7 .B76 32840 Books
Copyright © 2026  MUG Library